<?xml version="1.0" encoding="UTF-8"?>
<collection xmlns="http://www.loc.gov/MARC21/slim">
 <record>
  <leader>00665pamaa2200229   4500</leader>
  <controlfield tag="001">0000053943</controlfield>
  <controlfield tag="005">20161026090000.0</controlfield>
  <controlfield tag="008">160817s2013                                  </controlfield>
  <datafield tag="020" ind1="0" ind2="0">
   <subfield code="a">9787117170772 (pbk.) </subfield>
  </datafield>
  <datafield tag="090" ind1="0" ind2="0">
   <subfield code="a">RC71 </subfield>
   <subfield code="b">DIA 2013</subfield>
  </datafield>
  <datafield tag="245" ind1="1" ind2="0">
   <subfield code="a">Diagnostics  </subfield>
   <subfield code="c">Wan Xue Hong, Lu Xue Feng.</subfield>
  </datafield>
  <datafield tag="250" ind1="0" ind2="0">
   <subfield code="a">8th  ed.</subfield>
  </datafield>
  <datafield tag="260" ind1="0" ind2="0">
   <subfield code="a">Beijing: </subfield>
   <subfield code="b">People's Medical Publishing House, </subfield>
   <subfield code="c">2013.</subfield>
  </datafield>
  <datafield tag="300" ind1=" " ind2=" ">
   <subfield code="a">597p.: </subfield>
   <subfield code="b">ill.; </subfield>
   <subfield code="c">24 cm.</subfield>
  </datafield>
  <datafield tag="500" ind1="0" ind2="0">
   <subfield code="a">In Chinese</subfield>
  </datafield>
  <datafield tag="501" ind1="0" ind2="0">
   <subfield code="a">TCM</subfield>
  </datafield>
  <datafield tag="504" ind1="0" ind2="0">
   <subfield code="a">Includes bibliographical references and index</subfield>
  </datafield>
  <datafield tag="650" ind1="0" ind2="0">
   <subfield code="a">Medicine, Chinese </subfield>
  </datafield>
  <datafield tag="650" ind1="0" ind2="0">
   <subfield code="a">Diagnosis </subfield>
  </datafield>
  <datafield tag="700" ind1="0" ind2="0">
   <subfield code="a">Wan Xue Hong </subfield>
  </datafield>
  <datafield tag="700" ind1="0" ind2="0">
   <subfield code="a">Lu Xue Feng </subfield>
  </datafield>
  <datafield tag="901" ind1=" " ind2=" ">
   <subfield code="u">http://www.pmph.com</subfield>
  </datafield>
 </record>
</collection>
